000 00192nam a22000857a 4500
999 _c66456
_d66453
100 _aخان
245 _aترکي لوگ کہانیان
260 _aاسلام آباد
_bماڈرن
942 _cBK